Sala novísimo o Nueva ilustración del derecho real de España / (Record no. 164392)

MARC details
000 -LEADER
campo de control de longitud fija 00748nam a22001815i 4500
001 - NÚMERO DE CONTROL
campo de control 164392
003 - IDENTIFICADOR DE NÚMERO DE CONTROL
campo de control ES-MaACL
005 - FECHA Y HORA DE LA ÚLTIMA TRANSACCIÓN
campo de control 20230906212928.0
008 - DATOS DE LONGITUD FIJA--INFORMACIÓN GENERAL
campo de control de longitud fija 940301s1841 sp |||| | spa d
040 ## - FUENTE DE CATALOGACIÓN
Centro catalogador/agencia de origen AS
Lengua de catalogación spa
100 1# - ENTRADA PRINCIPAL--NOMBRE DE PERSONA
Nombre de persona Sala, Juan.
9 (RLIN) 101648
245 10 - MENCIÓN DEL TÍTULO
Título Sala novísimo o Nueva ilustración del derecho real de España /
Mención de responsabilidad, etc. reducida a mejor método, corregida en muchas de sus partes, considerablemente aumentada y adicionada... por Joaquín Romero y Ginzo.
260 ## - PUBLICACIÓN, DISTRIBUCIÓN, ETC.
Lugar de publicación, distribución, etc. Madrid :
Nombre del editor, distribuidor, etc. Librería de García,
Fecha de publicación, distribución, etc. [s.a.] (
Fabricante Imprenta de D. Severiano Omaña)
300 ## - DESCRIPCIÓN FÍSICA
Extensión 2 v. ;
Dimensiones 21 cm.
597 #1 - NOTA DE DESCRIPCIÓN FÍSICA
NOTA DE DESCRIPCIÓN FÍSICA Palau XVIII, 304 lo fecha en 1841.
700 21 - ENTRADA AGREGADA--NOMBRE PERSONAL
Nombre de persona Romero y Ginzo, Joaquín,
Término indicativo de función/relación
9 (RLIN) 132036
852 ## - LOCALIZACIÓN
Ubicación ES-MaACL
Número de control de estantería C-3302-3303
Nota libre -- Enc. hol.
Holdings
Estatus retirado Estado de pérdida Estado de daño No para préstamo Biblioteca de origen Biblioteca actual Ubicación en estantería Fecha de adquisición Fuente de adquisición Total de préstamos Signatura topográfica completa Código de barras Visto por última vez Precio de reemplazo Tipo de ítem Koha
        Biblioteca del Ateneo de Madrid Biblioteca del Ateneo de Madrid Sala Palomar 17/01/2008     C-3302-3303 1172309 23/02/2023 23/02/2023 Libro impreso